00365nam a2200133Ia 4500008004100000041000800041082001200049100001800061245004400079250001400123260005200137300003300189365000900222240624s9999 xx 000 0 und d aeng a330 FIE aFIELD BARRY C aENVIRONMENTAL ECONOMICS AN INTRODUCTION a(5th ed.) c2009aBostonbMcGraw-Hill International Edition axviii, : 493 : p. : cm. ; 23 cb30